| 000 | 01012cam a2200337 i 4500 | ||
|---|---|---|---|
| 999 |
_c200459266 _d77478 |
||
| 001 | 200459266 | ||
| 003 | TR-AnTOB | ||
| 005 | 20240209094444.0 | ||
| 007 | ta | ||
| 008 | 240108t19931993tu b 001 0 tur d | ||
| 020 |
_a9754640009 _q(paperback) |
||
| 035 | _a(TR-AnTOB)200459266 | ||
| 040 |
_aTR-AnTOB _beng _erda _cTR-AnTOB |
||
| 041 | 0 | _atur | |
| 050 |
_aKKX2070 _b.Ö9383 1993 |
||
| 090 |
_aKKX2070 _b.Ö9383 1993 |
||
| 100 | 1 |
_aÖzbudun, Ergun, _d1937-2023 _eauthor _96434 |
|
| 245 | 1 | 0 |
_aTürk anayasa hukuku / _cProf. Dr. Ergun Özbudun. |
| 250 | _aGözden geçirilmiş 3. baskı. | ||
| 264 | 1 |
_aAnkara : _bYetkin yayınları, _c1993. |
|
| 264 | 4 | _c©1993 | |
| 300 |
_a408 pages ; _c24 cm |
||
| 336 |
_atext _btxt _2rdacontent |
||
| 337 |
_aunmediated _bn _2rdamedia |
||
| 338 |
_avolume _bnc _2rdacarrier |
||
| 504 | _aBIBINDX | ||
| 650 | 7 |
_aAnayasalar _zTürkiye _2etuturkob _938301 |
|
| 650 | 0 |
_aAnayasa hukuku _zTürkiye _9116005 |
|
| 942 |
_2lcc _cBK |
||